00335nam a2200121Ia 4500008004100000020001500041082001600056100001800072245006900090260003100159300000800190650001500198221030s9999 xx 000 0 und d a1403909954 a105.23bAgg aD. K. Agrawal 0aTextbook of Logistic & Supply Chain Managementcby D. K. Agrawal bMacmillanaNew Delhic2003 a356 aManagement